| 000 | | | 04127nmc2a22002773x 450 |
| 001 | | | ab528ba9-1be9-4910-b687-e33d9a5e8ad0 |
| 005 | | | 20230906211438.0 |
| 100 | ## | $a | 20230117l17991799k l0rusy0189 ca |
| 101 | 0# | $a | rus |
| 102 | ## | $a | RU |
| 105 | ## | $a | y### |
| 122 | 2# | $a | d |
| 200 | 1# | $a | Письма Н.П. Шереметева разным лицам |
| | $j | 3 января - 30 декабря 1799 г. |
| 215 | ## | $a | 63 л. |
| | $d | 34х22 см |
| 251 | ## | $c | Дело |
| 300 | ## | $a | Граф Николай Петрович Шереметев. Переписка. Книги копий и журналы "партикулярной переписки", и черновики писем Н.П. Шереметева разным лицам |
| 300 | ## | $a | Книга копий |
| 300 | ## | $a | Ориг. заголовок дела: Журнал исходящих партикулярных писем 1799 года. 3 января 1799 г. - 30 декабря 1799 г |
| 371 | ## | $a | Документ не является опубликованным и широко распространяемым |
| 461 | #0 | $1 | 00198b93a77-94f0-46bb-a7e0-b5027cc72a67 |
| | $1 | 2001 |
| | $a | Шереметевы, графы |
| | $1 | 251 |
| | $c | Фонд |
| | $1 | 852 |
| | $j | 1088 |
| 462 | #0 | $1 | 001d3ce280e-361b-49f4-86d2-e1a120f828b4 |
| | $1 | 2001 |
| | $a | Личные документы, переписка и документы, связанные со служебной и общественной деятельностью графов Бориса Петровича, Петра Борисовича, Николая Петровича и Дмитрия Шереметевых |
| | $1 | 251 |
| | $c | Опись |
| | $1 | 852 |
| | $j | 1 |
| 517 | 1# | $a | Журнал исходящих партикулярных писем 1799 года. 3 января 1799 г. - 30 декабря 1799 г |
| 801 | #0 | $a | RU |
| | $b | РГИА |
| | $c | 20230117 |
| | $g | RCR |
| 801 | #1 | $a | RU |
| | $b | ГлавНИВЦ |
| | $c | 20230117 |
| | $2 | rusmarc |
| 801 | #2 | $a | RU |
| | $b | ПБ им. Б.Н. Ельцина |
| | $c | 20230906 |
| | $g | RCR |
| | $2 | rusmarc |
| 850 | ## | $a | РГИА |
| 852 | ## | $a | РГИА |
| | $e | Федеральное казенное учреждение "Российский государственный исторический архив" (РГИА) |
| | $j | 95 |
| 937 | ## | $h | РГИА |
| | $d | 12391181 |
| | $a | ASBIBLIO_SCAN |
| 035 | ## | $a | RusGRCC00060003 |
| 856 | ## | $u | http://readingroom.main.prlib.ru/item.aspx?id_node=n187413231&mode=full |